Core concepts in health / (Record no. 5852)

MARC details
000 -LEADER
fixed length control field 02067cam a2200325 a 4500
001 - CONTROL NUMBER
control field 14661053
003 - CONTROL NUMBER IDENTIFIER
control field OSt
005 - DATE AND TIME OF LATEST TRANSACTION
control field 20210414114512.0
008 - FIXED-LENGTH DATA ELEMENTS--GENERAL INFORMATION
fixed length control field 061208s2008 maua b 001 0 eng
010 ## - LIBRARY OF CONGRESS CONTROL NUMBER
LC control number 2006048087
020 ## - INTERNATIONAL STANDARD BOOK NUMBER
International Standard Book Number 9780073529639 (alk. paper)
040 ## - CATALOGING SOURCE
Original cataloging agency DLC
Transcribing agency DLC
Modifying agency DLC
050 00 - LIBRARY OF CONGRESS CALL NUMBER
Classification number RA776.C83
082 00 - DEWEY DECIMAL CLASSIFICATION NUMBER
Classification number 613
Edition number 22
245 00 - TITLE STATEMENT
Title Core concepts in health /
Statement of responsibility, etc. [compiled by] Paul M. Insel, Walton T. Roth.
250 ## - EDITION STATEMENT
Edition statement 10th ed. update
260 ## - PUBLICATION, DISTRIBUTION, ETC.
Place of publication, distribution, etc. New york :
Name of publisher, distributor, etc. McGraw Hill,
Date of publication, distribution, etc. c2008.
300 ## - PHYSICAL DESCRIPTION
Extent xxxii, 717 p. :
Other physical details col. ill. ;
Dimensions 28 cm.
504 ## - BIBLIOGRAPHY, ETC. NOTE
Bibliography, etc. note Includes bibliographical references and index.
505 ## - FORMATTED CONTENTS NOTE
Formatted contents note Contents: Taking charge of your health -- Stress: the constant challenge -- Psychological health -- Intimate relationships and communication -- Sex and your body -- Contraception -- Pregnancy and childbirth -- The use and abuse of psychoactive drugs -- The responsible use of alcohol -- Toward a tobacco-free society -- Nutrition basics -- Exercise for health and fitness Cardiovascular health -- Cancer -- Immunity and infection -- Sexually transmitted diseases -- Aging: a vital process -- Dying and death -- Conventional and complementary medicine: skill for the health care consumer -- Personal safety: protecting yourself from unintentional injuries and violence -- Appendices: A Nutritional content of popular items from fast-food restaurants -- B: A self-care guide for common medical problems.
650 #0 - SUBJECT ADDED ENTRY--TOPICAL TERM
Topical term or geographic name entry element Health
Form subdivision Handbooks, manuals, etc.
700 1# - ADDED ENTRY--PERSONAL NAME
Personal name Insel, Paul M.
700 1# - ADDED ENTRY--PERSONAL NAME
Personal name Roth, Walton T.
856 42 - ELECTRONIC LOCATION AND ACCESS
Materials specified Contributor biographical information
Uniform Resource Identifier <a href="http://www.loc.gov/catdir/enhancements/fy0804/2006048087-b.html">http://www.loc.gov/catdir/enhancements/fy0804/2006048087-b.html</a>
856 42 - ELECTRONIC LOCATION AND ACCESS
Materials specified Publisher description
Uniform Resource Identifier <a href="http://www.loc.gov/catdir/enhancements/fy0804/2006048087-d.html">http://www.loc.gov/catdir/enhancements/fy0804/2006048087-d.html</a>
856 41 - ELECTRONIC LOCATION AND ACCESS
Materials specified Table of contents only
Uniform Resource Identifier <a href="http://www.loc.gov/catdir/enhancements/fy0804/2006048087-t.html">http://www.loc.gov/catdir/enhancements/fy0804/2006048087-t.html</a>
906 ## - LOCAL DATA ELEMENT F, LDF (RLIN)
a 7
b cbc
c orignew
d 1
e ocip
f 20
g y-gencatlg
942 ## - ADDED ENTRY ELEMENTS (KOHA)
Source of classification or shelving scheme Library of Congress Classification
Koha item type Books
Holdings
Withdrawn status Lost status Source of classification or shelving scheme Damaged status Not for loan Home library Current library Shelving location Date acquired Full call number Barcode Date last seen Copy number Price effective from Koha item type
    Library of Congress Classification     WISCONSIN INTERNATIONAL UNIVERSITY COLLEGE, GHANA - MAIN LIBRARY WISCONSIN INTERNATIONAL UNIVERSITY COLLEGE, GHANA - MAIN LIBRARY nursing 08/02/2016 RA776.C83 NURS/007/16 08/02/2016 1 08/02/2016 Books
    Library of Congress Classification     WISCONSIN INTERNATIONAL UNIVERSITY COLLEGE, GHANA KUMASI LIBRARY WISCONSIN INTERNATIONAL UNIVERSITY COLLEGE, GHANA KUMASI LIBRARY nursing 01/07/2019 RA776.C83(10e) KSN/218/19 10/02/2020   01/07/2019 Books

If you have any concerns or questions; kindly contact the library


© Powered by WIUC ICT DIRECTORATE